les onze supernovæ - Statistiques

Statistiques générales
  • Ce quiz a été pris 27 fois
  • Le résultat moyen est 10 sur 11
Statistiques - réponses
réponse indice % Correct
law fruit du bistouri
100%
luffy perso principal
100%
zoro sabreur
100%
gang bege chateaux
96%
kidd cheveux rouge
96%
killer second de kidd
96%
bonney gloutonne
92%
drake x
92%
urouge originaire d'une ile céleste
92%
hawkins cartes
83%
apoo musique
75%
Aucun quiz correspondant
Distribution des résultats
% des personnes avec chaque résultat
Percentile par nombre de réponses
Votre historique - résultats
Vous n’avez pas pris ce quiz